000 04137nam a2201801 c 4500
003 PE-LiUPU
005 20250813170013.0
008 221128b |||||||| |||| 00| 0 spa d
017 _aB 1427-2021
_bOficina Depósito Legal Barcelona
020 _a9788491138082
040 _aPE-LiUPU
_bspa
_cPE-LiUPU
_erda
041 1 _aspa
_heng
082 _a616.9041
_bM983m
100 _aMurray, Patrick R.
_d1948-
_eAutor.
_9733
245 1 0 _aMicrobiología médica /
_cPatrick R. Murray, Ken S. Rosenthal, Michael A. Pfaller.
250 _a9a edición
264 1 _aBarcelona :
_bElsevier,
_c2021.
300 _a854 páginas :
_bilustraciones (blanco y negro y color), gráficos (color),
_c28 centimetros.
336 _aTexto
_aImagen fija
_2rdacontent
337 _asin mediación
_2rdamedia
338 _avolumen
_2rdacarrier
500 _aIncluye índices.
504 _aIncluye referencias bibliográficas.
505 _aPrefacio -- Agradecimiento -- Dedicatoria -- Introducción -- Principios generales del diagnostico de laboratorio -- Conceptos básicos de la respuesta inmunitaria -- Bacteriología -- Virología -- Micología -- Parasitología.
526 _aP203
526 _aP200
526 _aSEG65
526 _aSEG64
526 _aSEG63
526 _aSEG62
526 _aSEG61
526 _aSEG60
526 _aSEG59
526 _aSEG58
526 _aSEG57
526 _aSEG56
526 _aSEG55
526 _aSEG54
526 _aSEG53
526 _aSEG52
526 _aSEG51
526 _aSEG50
526 _aSEG49
526 _aSEG48
526 _aSEG47
526 _aSEG46
526 _aSEG24
526 _aSEG23
526 _aSEG22
526 _aSEG21
526 _aSEG20
526 _aSEG19
526 _aSEG18
526 _aSEG17
526 _aSEG16
526 _aSEG14
526 _aSEG13
526 _aSEG12
526 _aSEG11
526 _aSEG10
526 _aSEG09
526 _aSEG06
526 _aSEG05
526 _aSEG04
526 _aSEG03
526 _aSEG02
526 _aSEG68
526 _aSEG66
526 _aSEG45
526 _aSEG25
526 _aSEG01
526 _aP163
526 _aP162
526 _aP161
526 _aP160
526 _aP159
526 _aP158
526 _aP157
526 _aP156
526 _aP155
526 _aP154
526 _aP153
526 _aP152
526 _aP151
526 _aP150
526 _aP149
526 _aP142
526 _aP141
526 _aP140
526 _aP139
526 _aP138
526 _aP137
526 _aP132
526 _aP131
526 _aP130
526 _aP126
526 _aP125
526 _aP124
526 _aP123
526 _aP115
526 _aP122
526 _aP121
526 _aP116
526 _a P114
526 _aP112
526 _aP111
526 _aP104
526 _aP103
526 _aP102
526 _aP101
526 _aP100
526 _aP96
526 _aP95
526 _aP93
526 _aP92
526 _aP91
526 _aP88
526 _aP83
526 _aP82
526 _aP79
526 _aP78
526 _aP75
526 _aP74
526 _aP71
526 _aP69
526 _a P51
526 _aP49
526 _aP48
526 _aP47
526 _aP33
526 _aP31
526 _a P30
526 _aP29
526 _aP27
526 _aP26
526 _aP25
526 _aP24
526 _a P22
526 _aP10
526 _aP09
526 _a P08
526 _aP06
526 _aP05
526 _aP04
526 _aP01
530 _aDisponible también en línea la versión inglesa mediante códigos QR; con clave de acceso
650 0 _aMicrobiología médica
_9734
700 _aRosenthal, Ken S.
_eAutor.
_9735
700 _aPfaller, Michael A.
_eAutor.
_9736
710 _aElsevier España
_eTraductor.
_9677
942 _2ddc
_cBK
_n0
980 _622041
_aELI VALDERRAMA Analista Documental
_81
_gALBERTO SANCHEZ Responsable de Automatización
999 _c61651
_d61651